Cliffs TOEFL preparation guide
Test of English as a Foreign Language; Gồm: Giới thiệu thông tin cần biết về kỳ thi Toefl, Ôn tập về văn phong tiếng Anh viết và phần xem xét tổng quát các từ vựng và giới từ khó, phần practice test , câu trả lời có tính chất tham khảo....
محفوظ في:
| المؤلف الرئيسي: | |
|---|---|
| مؤلفون آخرون: | |
| التنسيق: | كتاب |
| اللغة: | Undetermined |
| منشور في: |
H.
Trẻ
2013
|
| الموضوعات: | |
| الوصول للمادة أونلاين: | http://lrc.tdmu.edu.vn/opac/search/detail.asp?aID=2&ID=31450 |
| الوسوم: |
إضافة وسم
لا توجد وسوم, كن أول من يضع وسما على هذه التسجيلة!
|
| Thư viện lưu trữ: | Trung tâm Học liệu Trường Đại học Thủ Dầu Một |
|---|
| LEADER | 00918nam a2200193Ia 4500 | ||
|---|---|---|---|
| 001 | TDMU_31450 | ||
| 008 | 210410s9999 xx 000 0 und d | ||
| 082 | |a 808.88 | ||
| 090 | |b P606 | ||
| 100 | |a Pyle, Michael A | ||
| 245 | 0 | |a Cliffs TOEFL preparation guide | |
| 260 | |a H. | ||
| 260 | |b Trẻ | ||
| 260 | |c 2013 | ||
| 520 | |a Test of English as a Foreign Language; Gồm: Giới thiệu thông tin cần biết về kỳ thi Toefl, Ôn tập về văn phong tiếng Anh viết và phần xem xét tổng quát các từ vựng và giới từ khó, phần practice test , câu trả lời có tính chất tham khảo. | ||
| 650 | |a Tiếng Anh |x TOEFL |v Tài liệu luyện thi | ||
| 700 | |a Ph.D., Jerry Bobrow | ||
| 856 | |u http://lrc.tdmu.edu.vn/opac/search/detail.asp?aID=2&ID=31450 | ||
| 980 | |a Trung tâm Học liệu Trường Đại học Thủ Dầu Một | ||